Strategické aliancie v ropnom priemysle
Motívy vytvárania strategických aliancií - vstup na nové zahraničné trhy, rozdelenie rizika spojeného s vysokými investíciami, rozdelenie nákladov na výskum a vývoj, spoločné využívanie globálnych zdrojov, reakcia na aktivity konkurenta a učenie sa od partnerov. Determinanty vy...
Enregistré dans:
| Auteur principal: | |
|---|---|
| Format: | Chapitre de livre |
| Langue: | slovaque |
| Sujets: | |
| Tags: |
Pas de tags, Soyez le premier à ajouter un tag!
|
MARC
| LEADER | 00000nla$a2200000$$$4500 | ||
|---|---|---|---|
| 001 | 0147459 | ||
| 005 | 20240502072649.8 | ||
| 041 | 0 | |a slo | |
| 044 | |a SK | ||
| 245 | 1 | 0 | |a Strategické aliancie v ropnom priemysle |c Tatiana Hlušková |
| 520 | |a Motívy vytvárania strategických aliancií - vstup na nové zahraničné trhy, rozdelenie rizika spojeného s vysokými investíciami, rozdelenie nákladov na výskum a vývoj, spoločné využívanie globálnych zdrojov, reakcia na aktivity konkurenta a učenie sa od partnerov. Determinanty vytvárania strategických aliancií v ropnom priemysle. | ||
| 610 | 2 | 0 | |a ropa |
| 610 | 2 | 0 | |a priemysel |
| 610 | 2 | 0 | |a aliancie strategické |
| 100 | 1 | |a Hlušková, Tatiana, 1987- | |